1164 1574 1801 1915 1312 1143 1138 1534 1943 1584 1607 1716 1378 1153 1247 1738 1287 1751 1925 1353 1841 1875 1086 1263 1855 1327 1463 1272 1228 1925 1606 1888 1974 1981 1302 1134 1831 1121 1418 1945 1231 1736 1315 1535 1433 1019 1121 1932 1546 1994 1246 1992 1138 1993 1497 1830 1210 1423 1574 1068 1418 1045 1997 1635 1889 1390 1758 1211 1495 1452 1141 1720 1847 1877 1100 1427 1033 1057 1449 1572 1322 1473 1344 1975 1889 1830 1708 1382 1693 1976 1203 1311 1876 1266 1062 1663 1800 1464 1821 BCNSPRNW ULIB Ver.6.0+V

เปลี่ยนเป็นภาษาไทย

Change to English
 แสดงรายละเอียดบรรณานุกรม
  กลับหน้าหลัก

Brief Record : Get Marc (ISO 2709) : E-mail record : QR code < ปิดหน้าต่าง
LEADER : 00000nam 2200000uu 4500
001    13399111860
003     ULIB
008    110627s2553||||th 000 0 tha d
020    9786167081465
090    นว.^bน387ป 2553
100 0  นัฐชา
245 00 เปลวรักสีรุ่ง/^cนัฐชา
250    พิมพ์ครั้งที่ 1
260    กรุงเทพฯ :^bสมาร์ทบุ๊ค,^c2553
300    376 หน้า
945    ^p250^l0^i028026
995    ทศพร
999 ^a ใช้งานได้ทุกระบบ
รายการนี้ยังไม่มีแท็ก
คุณยังไม่ได้ล็อกอิน คุณสามารถมีกิจกรรมร่วมกับเว็บไซต์ได้ แต่ต้องล็อกอินก่อน ::
  ล็อกอิน

รายการสื่อสารสนเทศ

ลำดับที่ ประเภท เลขเรียก/บาร์โค้ด สถานที่ สถานะ
- ไม่พบข้อมูล -

BibComment


ยังไม่เคยถูกคอมเมนท์

คอมเมนท์ทรัพยากรรายการนี้
  คอมเมนท์: เปลวรักสีรุ่ง นัฐชา


 Copyright 2026. Bcnsprnw @Library